[Event "Oakham Young Masters"]
[Site "Oakham"]
[Date "1984.04.10"]
[Round "3.7"]
[White "Hofmann, Michael"]
[Black "Stohl, Igor"]
[Result "1/2-1/2"]
[WhiteElo "2230"]
[BlackElo "2405"]
[PlyCount "84"]
[EventDate "1984.04.08"]
[EventType "swiss"]
[EventRounds "9"]
[EventCountry "ENG"]
[SourceTitle "BritBase"]
[Source "John Saunders"]
[SourceDate "2023.08.08"]
[SourceVersion "1"]
[SourceVersionDate "2023.08.08"]
[SourceQuality "1"]

1. e4 c5 2. Nf3 d6 3. Bb5+ Nd7 4. c3 Ngf6 5. Qe2 a6 6. Ba4 e5 7. O-O Be7 8. d4
b5 9. Bc2 O-O 10. dxe5 dxe5 11. Rd1 Qc7 12. Nbd2 Bb7 13. Nf1 c4 14. Ng3 Nc5 15.
h3 Rfd8 16. Bg5 Ne6 17. Nf5 Nxg5 18. Nxe7+ Qxe7 19. Nxg5 h6 20. Nf3 Qc5 21. a3
Kf8 22. Nh2 Ne8 23. Rxd8 Rxd8 24. Rd1 Rxd1+ 25. Qxd1 Nd6 26. Nf1 g6 27. Qe2 a5
28. Kh2 Kg7 29. f3 h5 30. Qd2 Bc6 31. Ne3 Ne8 32. h4 Qd6 33. Qxd6 Nxd6 34. Kg3
Kf6 35. Bd1 Ke6 36. Kf2 f5 37. exf5+ gxf5 38. Bc2 f4 39. Nf1 Nf5 40. Bxf5+ Kxf5
41. Nd2 Bd5 42. a4 bxa4 {source: bulletin} 1/2-1/2

[Event "Oakham Young Masters"]
[Site "Oakham"]
[Date "1984.04.10"]
[Round "3.8"]
[White "Thomson, Craig SM"]
[Black "Wong, Meng Kong"]
[Result "1-0"]
[WhiteElo "2215"]
[BlackElo "2365"]
[PlyCount "99"]
[EventDate "1984.04.08"]
[EventType "swiss"]
[EventRounds "9"]
[EventCountry "ENG"]
[SourceTitle "BritBase"]
[Source "John Saunders"]
[SourceDate "2023.08.08"]
[SourceVersion "1"]
[SourceVersionDate "2023.08.08"]
[SourceQuality "1"]

1. d4 f5 2. Bg5 d5 3. e3 g6 4. c4 c6 5. Nc3 Bg7 6. Bd3 Nf6 7. Nge2 Ne4 8. Bh4
Be6 9. cxd5 Nxc3 10. bxc3 Bxd5 11. f3 O-O 12. O-O Bh6 13. e4 fxe4 14. fxe4 Be3+
15. Bf2 Rxf2 16. Rxf2 Qf8 17. exd5 Qxf2+ 18. Kh1 cxd5 19. Qb3 Nc6 20. Ng3 Rd8
21. Rf1 Qd2 22. Be4 Kh8 23. Bxd5 Bf2 24. Ne4 Qe2 25. Qc4 Qxc4 26. Bxc4 Be3 27.
Rf3 Bxd4 28. Ng5 Ne5 29. Rh3 Nxc4 30. Nf7+ Kg7 31. Nxd8 Bb6 32. Nxb7 Ne5 33.
Rh4 g5 34. Ra4 Kf6 35. g3 Ke6 36. Na5 Kd5 37. c4+ Kd6 38. Nb3 Nd3 39. Kg2 e5
40. Kf3 h5 41. h3 Ke6 42. Ra6 Nb4 43. Ra4 Nd3 44. Ke2 Nc5 45. Nxc5+ Bxc5 46.
Kf3 g4+ 47. hxg4 hxg4+ 48. Kxg4 e4 49. Kf4 e3 50. Ra6+ {source: bulletin} 1-0

[Event "Oakham Young Masters"]
[Site "Oakham"]
[Date "1984.04.10"]
[Round "3.11"]
[White "Conquest, Stuart C"]
[Black "Horvath, Jozsef"]
[Result "0-1"]
[WhiteElo "2260"]
[BlackElo "2370"]
[PlyCount "68"]
[EventDate "1984.04.08"]
[EventType "swiss"]
[EventRounds "9"]
[EventCountry "ENG"]
[SourceTitle "BritBase"]
[Source "John Saunders"]
[SourceDate "2023.08.08"]
[SourceVersion "1"]
[SourceVersionDate "2023.08.08"]
[SourceQuality "1"]

1. d4 Nf6 2. c4 e6 3. g3 c5 4. d5 exd5 5. cxd5 d6 6. Bg2 g6 7. Nc3 Bg7 8. Nf3
O-O 9. O-O a6 10. a4 Nbd7 11. Nd2 Re8 12. Ra2 Rb8 13. a5 b5 14. axb6 Nxb6 15.
b3 Ng4 16. Bb2 f5 17. h3 Ne5 18. Ba1 g5 19. e3 Qe7 20. Na4 Nxa4 21. bxa4 Rb4
22. Qc2 f4 23. exf4 gxf4 24. Ra3 Rf8 25. Be4 Kh8 26. Bxh7 Bxh3 27. Re1 fxg3 28.
Rxg3 Qh4 29. Ree3 Rg4 30. Be4 Bh6 31. Rb3 Bf4 32. Qd3 Rfg8 33. Nf1 c4 34. Qf3
cxb3 {source: bulletin} 0-1

[Event "Oakham Young Masters"]
[Site "Oakham"]
[Date "1984.04.10"]
[Round "3.12"]
[White "Lane, Gary William"]
[Black "Wells, Peter K"]
[Result "0-1"]
[WhiteElo "2310"]
[BlackElo "2320"]
[PlyCount "48"]
[EventDate "1984.04.08"]
[EventType "swiss"]
[EventRounds "9"]
[EventCountry "ENG"]
[SourceTitle "BritBase"]
[Source "John Saunders"]
[SourceDate "2023.08.08"]
[SourceVersion "1"]
[SourceVersionDate "2023.08.08"]
[SourceQuality "1"]

1. e4 c6 2. d4 d5 3. e5 Bf5 4. Nc3 e6 5. g4 Bg6 6. Nge2 c5 7. h4 h5 8. Nf4 Bh7
9. Bb5+ Nc6 10. g5 cxd4 11. Qxd4 Bxc2 12. g6 Nge7 13. gxf7+ Kxf7 14. Qd2 Bf5
15. Nh3 d4 16. Ng5+ Kg8 17. Nce4 Nxe5 18. Kf1 Qd5 19. Bd3 N7c6 20. Rg1 Be7 21.
Bc2 Bxg5 22. Qxg5 Qc4+ 23. Kg2 Qxc2 24. Nf6+ Kf7 {source: bulletin} 0-1

[Event "Oakham Young Masters"]
[Site "Oakham"]
[Date "1984.04.10"]
[Round "3.14"]
[White "Ebeling, Mika"]
[Black "Hjorth, Greg"]
[Result "1/2-1/2"]
[WhiteElo "2295"]
[BlackElo "2415"]
[PlyCount "105"]
[EventDate "1984.04.08"]
[EventType "swiss"]
[EventRounds "9"]
[EventCountry "ENG"]
[SourceTitle "BritBase"]
[Source "John Saunders"]
[SourceDate "2023.08.08"]
[SourceVersion "1"]
[SourceVersionDate "2023.08.08"]
[SourceQuality "1"]

1. e4 Nf6 2. e5 Nd5 3. d4 d6 4. Nf3 Bg4 5. Be2 e6 6. O-O Be7 7. c4 Nb6 8. h3
Bh5 9. Nc3 O-O 10. Be3 d5 11. c5 Bxf3 12. gxf3 Nc8 13. b4 Re8 14. Rb1 Bf8 15.
b5 Ne7 16. Bd3 a6 17. a4 b6 18. c6 Nbxc6 19. bxc6 Nxc6 20. Ne2 g6 21. Qd2 Na5
22. Rfc1 Qd7 23. Qc2 Rec8 24. Bd2 Ba3 25. Rd1 Nc6 26. Qb3 Bf8 27. Rdc1 Nd8 28.
a5 c5 29. Qxb6 c4 30. Bc2 Ba3 31. Rd1 Rc7 32. Bb4 Rc6 33. Bxa3 Rxb6 34. Rxb6
Rc8 35. Nc3 Nb7 36. Ba4 Qc7 37. Bd6 Nxd6 38. exd6 Qd8 39. d7 Rc7 40. Rdb1 Kg7
41. Rb8 Qg5+ 42. Kf1 Rxd7 43. Bxd7 Qf5 44. Ne2 Qxh3+ 45. Ke1 Qh1+ 46. Kd2 Qxf3
47. R8b7 $2 (47. Be8) (47. Rc1) 47... Qxf2 48. Rc7 Qh2 49. Rbb7 Qh6+ 50. Kd1
Qh1+ 51. Kd2 Qh6+ 52. Kd1 Qh1+ 53. Kd2 {source: bulletin} 1/2-1/2

[Event "Oakham Young Masters"]
[Site "Oakham"]
[Date "1984.04.10"]
[Round "3.16"]
[White "Howell, James C"]
[Black "Ardaman, Miles"]
[Result "1/2-1/2"]
[WhiteElo "2320"]
[BlackElo "2240"]
[PlyCount "166"]
[EventDate "1984.04.08"]
[EventType "swiss"]
[EventRounds "9"]
[EventCountry "ENG"]
[SourceTitle "BritBase"]
[Source "John Saunders"]
[SourceDate "2023.08.08"]
[SourceVersion "1"]
[SourceVersionDate "2023.08.08"]
[SourceQuality "1"]

1. e4 Nc6 2. Nf3 d6 3. d4 Bg4 4. Bb5 a6 5. Bxc6+ bxc6 6. O-O e6 7. Nbd2 Nf6 8.
e5 Nd7 9. Nc4 d5 10. Na5 Qb8 11. h3 Bh5 12. c3 c5 13. c4 Qb6 14. g4 Bg6 15. Qa4
Bd3 16. Be3 Bxf1 17. Rxf1 dxc4 18. Nxc4 Qb5 19. Qc2 Be7 20. Qe4 Rd8 21. Rc1 O-O
22. Bg5 Rfe8 23. Bxe7 Rxe7 24. d5 exd5 25. Qxd5 Rde8 26. b3 Nb6 27. Qe4 Qd7 28.
Ng5 g6 29. Qf4 Nxc4 30. Ne4 Qd4 31. Rxc4 Qa1+ 32. Kh2 Qxe5 33. Nf6+ Kf8 34.
Qxe5 Rxe5 35. Nd7+ Kg7 36. Nxe5 Rxe5 37. Ra4 Re2 38. Kg3 Re6 39. Rc4 Re5 40.
Kf4 Kf6 41. Ra4 Re6 42. g5+ Ke7 43. h4 f5 44. f3 Kd7 45. h5 Ke7 46. Ra5 Rc6 47.
hxg6 hxg6 48. Ke5 Kd7 49. Kd5 c4 50. bxc4 Re6 51. c5 Ke7 52. Ra4 Kd7 53. Ra3 f4
54. Kc4 Kc8 55. Kd4 Kb7 56. Kd5 Re3 57. Rb3+ Kc8 58. Kc6 Re6+ 59. Kd5 Re3 60.
c6 a5 61. Kd4 Re6 62. Rc3 a4 63. Rc4 Re3 64. Rxa4 Kd8 65. Ra8+ Ke7 66. Rg8 Rxf3
67. Ke5 Re3+ 68. Kxf4 Re6 69. Rg7+ Kd8 70. Rf7 Rxc6 71. Rf6 Rc4+ 72. Ke5 Ra4
73. Rxg6 Ke7 74. Kf5 Kf7 75. Rc6 Ra5+ 76. Kg4 Rxa2 77. Rxc7+ Kg6 78. Rc6+ Kg7
79. Rb6 Rc2 80. g6 Rc5 81. Kg3 Rg5+ 82. Kf4 Rxg6 83. Rxg6+ Kxg6 {source:
bulletin} 1/2-1/2

[Event "Oakham Young Masters"]
[Site "Oakham"]
[Date "1984.04.10"]
[Round "3.17"]
[White "Klinger, Josef"]
[Black "D'Amore, Carlo"]
[Result "1/2-1/2"]
[WhiteElo "2310"]
[BlackElo "2310"]
[PlyCount "43"]
[EventDate "1984.04.08"]
[EventType "swiss"]
[EventRounds "9"]
[EventCountry "ENG"]
[SourceTitle "BritBase"]
[Source "John Saunders"]
[SourceDate "2023.08.08"]
[SourceVersion "1"]
[SourceVersionDate "2023.08.08"]
[SourceQuality "1"]

1. e4 g6 2. Ne2 Bg7 3. Nbc3 d6 4. d4 e5 5. dxe5 dxe5 6. Qxd8+ Kxd8 7. Bg5+ f6
8. O-O-O+ Nd7 9. Be3 Bh6 10. Nd5 Bxe3+ 11. Nxe3 c6 12. h4 Nh6 13. h5 Ke7 14.
Nc3 Nb6 15. Nc4 Nxc4 16. Bxc4 Be6 17. Bxe6 Kxe6 18. Rd3 Nf7 19. Na4 b6 20. Rhd1
Rad8 21. Rxd8 Rxd8 22. Rxd8 {source: bulletin} 1/2-1/2

[Event "Oakham Young Masters"]
[Site "Oakham"]
[Date "1984.04.10"]
[Round "3.18"]
[White "Ostenstad, Berge"]
[Black "Grivas, Efstratios"]
[Result "1/2-1/2"]
[WhiteElo "2310"]
[BlackElo "2375"]
[PlyCount "74"]
[EventDate "1984.04.08"]
[EventType "swiss"]
[EventRounds "9"]
[EventCountry "ENG"]
[SourceTitle "BritBase"]
[Source "John Saunders"]
[SourceDate "2023.08.08"]
[SourceVersion "1"]
[SourceVersionDate "2023.08.08"]
[SourceQuality "1"]

1. d4 Nf6 2. c4 g6 3. Nc3 Bg7 4. e4 d6 5. Nf3 O-O 6. Be2 e5 7. O-O Nc6 8. d5
Ne7 9. Nd2 c5 10. Rb1 b6 11. b4 Bh6 12. bxc5 bxc5 13. Qa4 Bd7 14. Qa6 Bc8 15.
Qa3 Nh5 16. Bxh5 gxh5 17. Nb3 Bxc1 18. Qxc1 Ng6 19. Qh6 h4 20. Nd2 Qe7 21. Rb3
f5 22. exf5 Bxf5 23. Nce4 Bxe4 24. Nxe4 Rad8 25. Rfb1 Rd7 26. f3 Qg7 27. Qxg7+
Kxg7 28. Ng5 Kf6 29. Rb7 Rfd8 30. Ne6 Rxb7 31. Rxb7 Re8 32. Nc7 Re7 33. Rxa7 e4
34. fxe4 Rxe4 35. Nb5 Rxc4 36. Nxd6 Rc1+ 37. Kf2 Ke5 {source: bulletin} 1/2-1/2

[Event "Oakham Young Masters"]
[Site "Oakham"]
[Date "1984.04.10"]
[Round "3.19"]
[White "Lalic, Susan Kathryn"]
[Black "Kozul, Zdenko"]
[Result "0-1"]
[WhiteElo "1900"]
[BlackElo "2405"]
[PlyCount "78"]
[EventDate "1984.04.08"]
[EventType "swiss"]
[EventRounds "9"]
[EventCountry "ENG"]
[SourceTitle "BritBase"]
[Source "John Saunders"]
[SourceDate "2023.08.08"]
[SourceVersion "1"]
[SourceVersionDate "2023.08.08"]
[SourceQuality "1"]

1. e4 c5 2. c3 Nf6 3. e5 Nd5 4. d4 Nc6 5. Nf3 cxd4 6. cxd4 d6 7. Bc4 e6 8. O-O
Be7 9. Qe2 O-O 10. Rd1 Qc7 11. Bxd5 exd5 12. Nc3 Qa5 13. Qb5 Be6 14. Qxb7 Rfc8
15. Qb5 Rab8 16. Qxa5 Nxa5 17. exd6 Bxd6 18. Ng5 Rc4 19. Nxe6 fxe6 20. Rd3 Nc6
21. Ne2 Nb4 22. Rd1 Rc2 23. Kf1 a5 24. g3 Kf7 25. Bf4 Bxf4 26. Nxf4 Rxb2 27. a3
Nc2 28. Rac1 R8b7 29. Nd3 Ra2 30. Ne5+ Ke7 31. Nc6+ Kd6 32. Nxa5 Rb5 33. Kg1
Nxa3 34. Nc6 Nc4 35. Ne5 Nxe5 36. dxe5+ Kxe5 37. Rc7 Kf6 38. Rc6 Rbb2 39. Re1
Rxf2 {time source: bulletin} 0-1

[Event "Oakham Young Masters"]
[Site "Oakham"]
[Date "1984.04.11"]
[Round "4.2"]
[White "Gallagher, Joseph G"]
[Black "Georgiev, Kiril"]
[Result "1/2-1/2"]
[WhiteElo "2260"]
[BlackElo "2430"]
[PlyCount "66"]
[EventDate "1984.04.08"]
[EventType "swiss"]
[EventRounds "9"]
[EventCountry "ENG"]
[SourceTitle "BritBase"]
[Source "John Saunders"]
[SourceDate "2023.08.08"]
[SourceVersion "1"]
[SourceVersionDate "2023.08.08"]
[SourceQuality "1"]

1. d4 Nf6 2. c4 e6 3. Nf3 b6 4. g3 Bb7 5. Bg2 Bb4+ 6. Nbd2 O-O 7. O-O d5 8. Qc2
Be7 9. b3 c5 10. Bb2 Na6 11. Rac1 Rc8 12. Qb1 Rc7 13. Rfd1 cxd4 14. Nxd4 Qa8
15. cxd5 Nxd5 16. Rxc7 Naxc7 17. Nc4 Bf6 18. Bf3 Rd8 19. Nc2 Ne8 20. Bxf6 Nexf6
21. Nb4 h6 22. Nxd5 Bxd5 23. Bxd5 Rxd5 24. Ne3 Rxd1+ 25. Qxd1 Ne4 26. Qc2 Qb7
27. f3 Nd6 28. Kf2 f5 29. Qd3 Qc6 30. Qd4 Kf7 31. Qe5 Qc5 32. Qxc5 bxc5 33. Nc4
Nxc4 {source: bulletin} 1/2-1/2

[Event "Oakham Young Masters"]
[Site "Oakham"]
[Date "1984.04.11"]
[Round "4.3"]
[White "Dlugy, Maxim"]
[Black "Thomson, Craig SM"]
[Result "1-0"]
[WhiteElo "2460"]
[BlackElo "2215"]
[PlyCount "57"]
[EventDate "1984.04.08"]
[EventType "swiss"]
[EventRounds "9"]
[EventCountry "ENG"]
[SourceTitle "BritBase"]
[Source "John Saunders"]
[SourceDate "2023.08.08"]
[SourceVersion "1"]
[SourceVersionDate "2023.08.08"]
[SourceQuality "1"]

1. d4 Nf6 2. c4 g6 3. Nc3 d5 4. Nf3 Bg7 5. cxd5 Nxd5 6. Qa4+ Nc6 7. Ne5 O-O 8.
Nxc6 bxc6 9. Qxc6 Nb4 10. Qa4 c5 11. dxc5 a5 12. a3 Bb7 13. Qb3 Qc7 14. axb4
axb4 15. Rxa8 Rxa8 16. Qxb4 Ra1 17. Kd2 Qd7+ 18. Kc2 Bxc3 19. bxc3 Ra4 20. Qb3
Be4+ 21. Kb2 Bd5 22. Qb8+ Kg7 23. c4 Bxc4 24. e3 Ra2+ 25. Kc3 Qa4 26. Bb2 Be6
27. Bd3 Qc6 28. Ra1 Qxc5+ 29. Kd2+ {source: bulletin} 1-0

[Event "Oakham Young Masters"]
[Site "Oakham"]
[Date "1984.04.11"]
[Round "4.6"]
[White "Levitt, Jonathan P"]
[Black "Stohl, Igor"]
[Result "1/2-1/2"]
[WhiteElo "2345"]
[BlackElo "2405"]
[PlyCount "44"]
[EventDate "1984.04.08"]
[EventType "swiss"]
[EventRounds "9"]
[EventCountry "ENG"]
[SourceTitle "BritBase"]
[Source "John Saunders"]
[SourceDate "2023.08.08"]
[SourceVersion "1"]
[SourceVersionDate "2023.08.08"]
[SourceQuality "1"]

1. d4 Nf6 2. c4 g6 3. Nc3 d5 4. cxd5 Nxd5 5. Nf3 Bg7 6. Qb3 Nxc3 7. bxc3 c5 8.
e3 O-O 9. Be2 Nc6 10. O-O Na5 11. Qa3 cxd4 12. cxd4 Be6 13. Bd2 Nc4 14. Qb4
Nxd2 15. Nxd2 Bd5 16. a4 e6 17. Rac1 Rc8 18. Bf3 Bxf3 19. Nxf3 Qd5 20. Qb2 Qd7
21. h3 Rxc1 22. Rxc1 Rc8 {source: bulletin} 1/2-1/2

[Event "Oakham Young Masters"]
[Site "Oakham"]
[Date "1984.04.11"]
[Round "4.7"]
[White "Horvath, Jozsef"]
[Black "Hofmann, Michael"]
[Result "1-0"]
[WhiteElo "2370"]
[BlackElo "2230"]
[PlyCount "67"]
[EventDate "1984.04.08"]
[EventType "swiss"]
[EventRounds "9"]
[EventCountry "ENG"]
[SourceTitle "BritBase"]
[Source "John Saunders"]
[SourceDate "2023.08.08"]
[SourceVersion "1"]
[SourceVersionDate "2023.08.08"]
[SourceQuality "1"]

1. e4 e6 2. d4 d5 3. Nc3 Bb4 4. e5 b6 5. Qg4 Bf8 6. Nh3 Qd7 7. Be3 Ba6 8. O-O-O
Bxf1 9. Rhxf1 Nc6 10. Qh4 Nce7 11. g4 O-O-O 12. f4 g6 13. Ng5 Qe8 14. Qf2 h6
15. Nf3 Bg7 16. Kb1 Kb8 17. Qe2 f5 18. exf6 Nxf6 19. Ne5 Nd7 20. Qa6 Nxe5 21.
fxe5 Nc8 22. Ne2 Rd7 23. Qb5 h5 24. h3 hxg4 25. hxg4 Rh4 26. Rg1 Rh3 27. Bg5
Kb7 28. Nf4 Rh7 29. Qd3 Bh6 30. Bxh6 Rxh6 31. g5 Rh4 32. Qxg6 Qf8 33. Nxe6 Qf2
34. Qd3 {source: bulletin} 1-0

[Event "Oakham Young Masters"]
[Site "Oakham"]
[Date "1984.04.11"]
[Round "4.8"]
[White "Wells, Peter K"]
[Black "Luce, Sebastien"]
[Result "1-0"]
[WhiteElo "2320"]
[BlackElo "2330"]
[PlyCount "81"]
[EventDate "1984.04.08"]
[EventType "swiss"]
[EventRounds "9"]
[EventCountry "ENG"]
[SourceTitle "BritBase"]
[Source "John Saunders"]
[SourceDate "2023.08.08"]
[SourceVersion "1"]
[SourceVersionDate "2023.08.08"]
[SourceQuality "1"]

1. d4 e6 2. Nf3 Nf6 3. e3 b6 4. Bd3 Bb7 5. O-O Be7 6. b3 O-O 7. Nbd2 d5 8. Ne5
Ne4 9. Nxe4 dxe4 10. Bc4 Bd5 11. f3 exf3 12. Bxd5 exd5 13. Qxf3 f5 14. c4 c6
15. a4 a5 16. Bb2 Ra7 17. Rac1 Qd6 18. cxd5 cxd5 19. Ba3 Qe6 20. Bxe7 Rxe7 21.
Qh3 h6 22. Rc2 Kh7 23. Rfc1 Qf6 24. Qg3 Rfe8 25. h4 g5 26. hxg5 Qxg5 27. Qxg5
hxg5 28. Rc8 Kh6 29. Rxe8 Rxe8 30. Rc7 Re6 31. Rc8 Na6 32. Rf8 f4 33. exf4 gxf4
34. Rxf4 Nb4 35. Rf5 b5 36. axb5 Rb6 37. g4 Rxb5 38. g5+ Kg7 39. Rf7+ Kg8 40.
Rc7 Na6 41. Rc6 {time source: bulletin} 1-0

[Event "Oakham Young Masters"]
[Site "Oakham"]
[Date "1984.04.11"]
[Round "4.10"]
[White "Wong, Meng Kong"]
[Black "Hodgson, Julian M"]
[Result "0-1"]
[WhiteElo "2365"]
[BlackElo "2440"]
[Annotator "Nunn, John"]
[PlyCount "64"]
[EventDate "1984.04.08"]
[EventType "swiss"]
[EventRounds "9"]
[EventCountry "ENG"]
[SourceTitle "BritBase"]
[Source "John Saunders"]
[SourceDate "2023.08.08"]
[SourceVersion "1"]
[SourceVersionDate "2023.08.08"]
[SourceQuality "1"]

1. Nf3 e6 2. b3 d5 3. Bb2 c5 4. e3 Nf6 {Black delays ...Nc6 in order to
prevent the exchange of the knight by Bb5, which reduces the number of black
pieces capable of contesting the crucial square e5.} 5. Bb5+ Bd7 6. Be2 ({After
} 6. Bxd7+ Nbxd7 {followed by ...Qc7, ...Be7 and ...0-0, Black has no problems.
}) 6... Nc6 7. O-O Bd6 8. c4 d4 $2 ({This pawn sacrifice is objectively
un­sound, so} 8... O-O {was best, but in this case} 9. cxd5 exd5 10. d4 {
gives White a slight advantage because Black’s bishop should be at b7 rather
than d7.}) 9. exd4 cxd4 10. Nxd4 {White must accept, or 10...e5 is good for
Black.} Nxd4 11. Bxd4 {White’s bishop check at move 5 comes in useful here
since without the obstruct­ing piece at d7 Black could gain the advantage by .
..Bxh2+.} Bc6 12. Be3 $6 ({This doesn't throw away White's ad­vantage, but} 
12. Bb2 $1 h5 13. Bf3 {was simpler, and now} Ng4 (13... Bxh2+ 14. Kxh2 Ng4+ 15.
Kh3 $1 (15. Kg1 $2 Qh4 16. Bxc6+ bxc6 17. Re1 ({while even} 17. Be5 Nxe5 {
wins for Black}) 17... Qxf2+ {wins the queen after checks at h4, h2, h1, g2
and f2}) 15... Qd6 (15... Qd3 16. Qe2 Qf5 17. Bxc6+ bxc6 18. Qf3 $1 Nxf2+ 19.
Kh2 {wins}) 16. Bxc6+ bxc6 17. g3 h4 18. Qxg4 hxg3+ 19. Kg2 {and White defends}
) 14. Bxc6+ bxc6 15. h3 Bh2+ 16. Kh1 Bc7 17. Nc3 Qd6 18. g3 {and Black must
retreat his knight when White remains a pawn up for nothing.}) 12... h5 {
The point of Black’s pawn offer. Util­ising the rook at h8, he threatens ...
Ng4.} 13. Bf3 Ng4 14. Bxc6+ bxc6 15. g3 $2 ({Now White has no advantage.} 15.
h3 $1 Bh2+ (15... Qf6 {is met by} 16. d4 ({rather than} 16. Nc3 $2 Nxe3 {
followed by ...Qe5})) 16. Kh1 Bc7 17. Nc3 Qd6 18. f4 $1 {leaves Black with no
compensation for the pawn.} (18. g3 $2 Nxe3 19. dxe3 Qe5 20. Qf3 O-O-O $1 {
followed by ...h4 gives Black a dangerous attack})) 15... Nxe3 16. fxe3 (16.
dxe3 Be5 {wins, so White has to weaken his K-side.}) 16... h4 17. Qg4 $2 ({
Now White is losing.} 17. Qf3 $2 Qc7 18. Kg2 hxg3 19. hxg3 Rh6 20. Nc3 Bxg3 21.
Nb5 Qd7 {is also good for Black, e.g.} 22. Kxg3 ({or} 22. Nd4 Rg6 23. Qxc6
Qxc6+ 24. Nxc6 Be5+) 22... Rg6+ 23. Kh3 O-O-O) ({It is essential for White to
prevent the opening of the h-file, so he should have played} 17. g4 $1 {After}
Qc7 ({or} 17... Qg5 18. Qf3 O-O 19. Nc3 f5 20. Qxc6 {, the situation is far
from clear.}) 18. Rf2 O-O-O 19. Nc3 f5 20. Qf3 $1 {followed by Raf1 or g5 as
appropriate}) 17... hxg3 18. hxg3 Qc7 {From now on Black conducts the attack
with ruthless accuracy.} 19. Kg2 (19. Qxg7 Be5 20. Rxf7 Bxg7 21. Rxc7 Bxa1 {
wins.}) 19... O-O-O 20. Nc3 f5 21. Qf3 (21. Qg5 Be7 {and ...Rxd2+ wins.}) 21...
g5 22. Ne2 g4 23. Qf2 c5 24. d4 ({A desperate attempt to close the long
diagonal by d5. If} 24. Rg1 {, intending 24...Qc6+ 25 Kf1, Black wins by} Rh2+
$1 25. Kxh2 Qh7+ 26. Kg2 Qh3#) 24... cxd4 25. exd4 Bc5 $1 {[#] Pinning the
d-pawn to threaten Qb7+.} 26. Qe3 (26. dxc5 Qc6+) (26. Qf4 Qb7+ 27. Kf2 (27. d5
Rh2+ $1) 27... Rh2+ 28. Ke1 Rxe2+ 29. Kxe2 Rxd4 {is similar to the game.})
26... Qc6+ 27. Kf2 (27. d5 Rxd5 {wins.}) 27... Rh2+ 28. Ke1 Rxe2+ $1 29. Qxe2
Rxd4 30. Rf4 Bb4+ 31. Kf1 Qh1+ 32. Kf2 Rxf4+ {Sources: bulletin; John Nunn,
BCM, June 1984, p236} (32... Rxf4+ 33. gxf4 Bc5+ 34. Kg3 Qh3#) 0-1

[Event "Oakham Young Masters"]
[Site "Oakham"]
[Date "1984.04.11"]
[Round "4.11"]
[White "Condie, Mark L"]
[Black "Staniszewski, Piotr"]
[Result "1/2-1/2"]
[WhiteElo "2340"]
[BlackElo "2405"]
[PlyCount "47"]
[EventDate "1984.04.08"]
[EventType "swiss"]
[EventRounds "9"]
[EventCountry "ENG"]
[SourceTitle "BritBase"]
[Source "John Saunders"]
[SourceDate "2023.08.08"]
[SourceVersion "1"]
[SourceVersionDate "2023.08.08"]
[SourceQuality "1"]

1. d4 Nf6 2. Nf3 c5 3. c3 Qb6 4. e3 d5 5. Bd3 Bg4 6. Nbd2 Nc6 7. Qa4 Bd7 8. Qc2
Rc8 9. Qb1 g6 10. O-O Bg7 11. dxc5 Qxc5 12. e4 O-O 13. Nb3 Qd6 14. Re1 dxe4 15.
Bxe4 Ne5 16. Nbd4 Nxe4 17. Qxe4 f5 18. Qh4 Rc4 19. Nxe5 Bxe5 20. Bg5 Bc6 21. b3
Rxc3 22. Nxc6 Rxc6 23. Bxe7 Qd4 24. Qxd4 {source: bulletin} 1/2-1/2

[Event "Oakham Young Masters"]
[Site "Oakham"]
[Date "1984.04.11"]
[Round "4.12"]
[White "Hjorth, Greg"]
[Black "Gil Gonzalez, Jose Manuel"]
[Result "1-0"]
[WhiteElo "2415"]
[BlackElo "2300"]
[PlyCount "59"]
[EventDate "1984.04.08"]
[EventType "swiss"]
[EventRounds "9"]
[EventCountry "ENG"]
[SourceTitle "BritBase"]
[Source "John Saunders"]
[SourceDate "2023.08.08"]
[SourceVersion "1"]
[SourceVersionDate "2023.08.08"]
[SourceQuality "1"]

1. e4 Nf6 2. e5 Nd5 3. d4 d6 4. Bc4 Nb6 5. Bb3 Bf5 6. e6 Bxe6 7. Bxe6 fxe6 8.
Nf3 Nc6 9. O-O Qd7 10. Re1 g6 11. Ng5 e5 12. d5 Nd8 13. a4 a5 14. Ra3 e6 15. c4
h6 16. Ne4 Bg7 17. Rg3 g5 18. Nbc3 Nxc4 19. h4 Nf7 20. hxg5 hxg5 21. Bxg5 Nxg5
22. Nxg5 exd5 23. Nxd5 c6 24. Ne6 cxd5 25. Nxg7+ Kd8 26. Qxd5 Nb6 27. Qb3 Ra6
28. Ne6+ Ke8 29. Rg7 Qxa4 30. Qf3 {source: bulletin} 1-0

[Event "Oakham Young Masters"]
[Site "Oakham"]
[Date "1984.04.11"]
[Round "4.13"]
[White "Cramling, Pia"]
[Black "Conquest, Stuart C"]
[Result "1-0"]
[WhiteElo "2405"]
[BlackElo "2260"]
[PlyCount "93"]
[EventDate "1984.04.08"]
[EventType "swiss"]
[EventRounds "9"]
[EventCountry "ENG"]
[SourceTitle "BritBase"]
[Source "John Saunders"]
[SourceDate "2023.08.08"]
[SourceVersion "1"]
[SourceVersionDate "2023.08.08"]
[SourceQuality "1"]

1. Nf3 Nf6 2. c4 c6 3. Nc3 d5 4. cxd5 cxd5 5. d4 a6 6. Bf4 e6 7. e3 Nbd7 8. Bd3
Be7 9. Rc1 O-O 10. h3 b5 11. O-O Bb7 12. a4 b4 13. Na2 Rc8 14. Rxc8 Bxc8 15.
Qc2 Qb6 16. Bc7 Qb7 17. b3 Nc5 18. Ba5 Nxd3 19. Qxd3 Ne4 20. Rc1 Bd6 21. Ne5
Qe7 22. f3 Ng3 23. Nc6 Qg5 24. Bxb4 Bxb4 25. Naxb4 a5 26. Nxa5 e5 27. dxe5 Bxh3
28. f4 Qh5 29. Rc7 Bf5 30. Qxd5 Qh1+ 31. Kf2 Ne4+ 32. Ke2 Qxg2+ 33. Kd1 Bg4+ $2
(33... Qb2) 34. Kc1 Qf1+ 35. Kb2 Nf2 36. Rc1 Qe2+ 37. Ka3 Be6 38. Qd4 Rb8 39.
Nac6 Ra8 40. Qc3 h5 41. Nd4 Qg4 42. Nxe6 fxe6 43. Qc6 Rf8 44. a5 h4 45. a6 Rf7
46. Qe8+ Rf8 47. Qxf8+ {source: bulletin} 1-0